Asia General Knowledge #2 - Statistics

General Stats
  • This quiz has been taken 48 times
  • The average score is 9 of 15
Answer Stats
Questions Answer % Correct
Which Country in Asia is made of 17,000 islands? Indonesia
95%
Which country in Asia is so wide it should Have 5 time zones, but it only has one? China
89%
Capital of Afghanistan? Kabul
89%
Largest Muslim-Majority Country? Saudi Arabia
82%
Which Country in Asia starts with a T and ends with an N? Turkmenistan
75%
Which Country has the lowest population growth rate in Asia? Japan
73%
Smallest Country by Area? Maldives
68%
Richest City in Asia? Tokyo
64%
Richest Country in Asia? Qatar
61%
30th largest Country by Population? Tajikistan
55%
Which Country has the highest population growth rate in Asia? Iraq
50%
This Country is the 9th largest country in the world in terms of area? Kazakhstan
45%
Most Densely Populated city in Asia? Mumbai
43%
Most Dangerous City in Asia? Karachi
30%
This Country has a little over 5.9 million people living there? Kyrgyzstan
30%
No matching quizzes found
Score Distribution
Percent of People with Each Score
Percentile by Number Answered
Your Score History
You have not taken this quiz